| 000 | 00343nam a2200133Ia 4500 | ||
|---|---|---|---|
| 005 | 20260328104307.0 | ||
| 008 | 260328s9999||||xx |||||||||||||| ||und|| | ||
| 100 | _aFrankel, Dextra | ||
| 245 | 4 |
_aThe Houses that art built / _cDextra Frankel |
|
| 260 | _bCalifornia st Univ at Fullerton | ||
| 300 | _a105 p. | ||
| 650 | _aCASAS | ||
| 942 | _cBK | ||
| 999 |
_c10800 _d10800 |
||